Classic Game Boy Games by Screenshot - Statistics

General Stats
  • This quiz has been taken 262 times
  • The average score is 14 of 20
Answer Stats
Picture Answer % Correct
Super Mario Land
99%
Pokémon Blue/Red/Yellow
98%
Tetris
98%
Kirby's Dream Land
96%
Wario Land
92%
Tennis
91%
Street Fighter II
90%
Donkey Kong Land
88%
Mega Man: Dr. Wily's Revenge
87%
The Legend of Zelda: Link's Awakening
87%
Castlevania II: Belmont's Revenge
72%
Kid Icarus of Myths and Monsters
69%
Duck Tales
63%
Mario's Picross
47%
Bomberman GB
46%
Double Dragon
42%
Tintin in Tibet
35%
Asterix
28%
Tamagotchi
14%
F-1 Race
10%
No matching quizzes found
Score Distribution
Percent of People with Each Score
Percentile by Number Answered
Your Score History
You have not taken this quiz